00251nam a2200097Ia 4500008004100000100002000041245003100061260004100092300000800133650001200141191201s2008 xx 000 0 und d aSUBRAHMANYAM, N 0aAtomic and Nuclear Physics aN. DelhibS Chand and Co. Ltd.c2008 a267 aApplied